[Event "Eastern Asia-ch U14"]
[Site "Tornelo INT"]
[Date "2021.10.31"]
[Round "7"]
[White "Ahmed, Tanveer"]
[Black "Ashvin Venkat, G."]
[Result "0-1"]
[WhiteElo "1249"]
[BlackElo "1479"]
[PlyCount "88"]
[EventDate "2021.10.29"]
[EventType "swiss"]
[EventRounds "9"]
[EventCountry "NET"]
[SourceTitle "EXT 2023"]
[Source "ChessBase"]
[SourceDate "2022.10.05"]
[SourceVersion "1"]
[SourceVersionDate "2022.10.05"]
[SourceQuality "1"]

1. e4 c5 2. Nf3 d6 3. d4 cxd4 4. Nxd4 Nf6 5. Nc3 g6 6. Be3 a6 7. Bc4 Bg7 8. f3 b5 9. Bb3 Bb7 10. Qd2 Nbd7 11. 0-0 0-0 12. Rad1 Rc8 13. Rfe1 Ne5 14. Qf2 Nc4 15. Bxc4 Rxc4 16. Nb3 Nd7 17. Bd4 Bxd4 18. Rxd4 Qc7 19. Red1 Rc8 20. f4 Nf6 21. Qe3 b4 22. Nd5 Bxd5 23. exd5 Rxc2 24. h3 a5 25. Re1 Rxb2 26. Rc1 Rc2 27. Rxc2 Qxc2 28. Qxe7 Qb1+ 29. Kh2 Kg7 30. Nxa5 Qxa2 31. Nc6 b3 32. Nb4 Qf2 33. Rd1 Qxf4+ 34. Kh1 Qxb4 35. Rf1 Qd4 36. Qb7 Rc3 37. Rb1 Qxd5 38. Qb4 Rxh3+ 39. Kg1 Rg3 40. Rb2 Ne4 41. Qe1 Qd4+ 42. Kh2 Qxb2 43. Qxe4 Qxg2+ 44. Qxg2 Rxg2+ 0-1